ARRUPE JESUIT UNIVERSITY

CORONAVIRUS -STOP THE SPREAD - CLEAN,DISINFECT,COVER

Leo XIII and the modern world. (Record no. 124124)

MARC details
000 -LEADER
fixed length control field 00757cam a22002651 4500
001 - CONTROL NUMBER
control field 6090851
003 - CONTROL NUMBER IDENTIFIER
control field ARRUPE
005 - DATE AND TIME OF LATEST TRANSACTION
control field 20160223085337.0
008 - FIXED-LENGTH DATA ELEMENTS--GENERAL INFORMATION
fixed length control field 720821s1961 xx 000 0 eng
010 ## - LIBRARY OF CONGRESS CONTROL NUMBER
LC control number 61007288
035 ## - SYSTEM CONTROL NUMBER
System control number (OCoLC)386048
040 ## - CATALOGING SOURCE
Original cataloging agency DLC
Transcribing agency ODaWU
Modifying agency DLC
042 ## - AUTHENTICATION CODE
Authentication code premarc
050 00 - LIBRARY OF CONGRESS CALL NUMBER
Classification number BX1374
Item number .G3
100 1# - MAIN ENTRY--PERSONAL NAME
Personal name Gargan, Edward T.,
Dates associated with a name 1922-
9 (RLIN) 22158
245 10 - TITLE STATEMENT
Title Leo XIII and the modern world.
260 ## - PUBLICATION, DISTRIBUTION, ETC. (IMPRINT)
Place of publication, distribution, etc New York,
Name of publisher, distributor, etc Sheed and Ward
Date of publication, distribution, etc [1961]
300 ## - PHYSICAL DESCRIPTION
Extent 246 p.
500 ## - GENERAL NOTE
General note Published originally in 1961
501 ## - WITH NOTE
With note Kissinger Publishing
504 ## - BIBLIOGRAPHY, ETC. NOTE
Bibliography, etc Bibliography: p. [227]-242.
600 00 - SUBJECT ADDED ENTRY--PERSONAL NAME
Personal name Leo
Numeration XIII,
Titles and other words associated with a name Pope,
Dates associated with a name 1810-1903.
9 (RLIN) 22159
906 ## - LOCAL DATA ELEMENT F, LDF (RLIN)
a 7
b cbc
c oclcrpl
d u
e ncip
f 19
g y-gencatlg
942 ## - ADDED ENTRY ELEMENTS (KOHA)
Source of classification or shelving scheme Library of Congress Classification
Koha item type Monograph ( Printed materials)
Holdings
Withdrawn status Lost status Source of classification or shelving scheme Damaged status Not for loan Collection code Home library Current library Shelving location Date acquired Total Checkouts Full call number Barcode Date last seen Price effective from Koha item type
    Library of Congress Classification     Main Collection ARRUPE LIBRARY ARRUPE LIBRARY Main Collection 09/02/2016   BX1374 .G3 46500006198 22/11/2017 09/02/2016 Monograph ( Printed materials)

 

Arrupe Library. PO Box MP320 Mt Pleasant, Harare, Zimbabwe
263 242 745411|librarian@aju.ac.zw